000 00371nam a2200121Ia 4500
008 170224s9999 xx 000 0 und d
245 _aGive me just a little more time: Effects of alcohol on the failure and recovery of cognitive control.
260 _bJournal of Abnormal Psychology
260 _c2014
300 _a123:1
500 _aFebruary
650 _xPsychology.
999 _c316499
_d316499